आडवाटेचा महाराष्ट्र (क.क्र.14/4) (Record no. 423224)

MARC details
000 -LEADER
fixed length control field 00576nam a2200145Ia 4500
008 - FIXED-LENGTH DATA ELEMENTS--GENERAL INFORMATION
fixed length control field 100122s9999 xx 000 0 und d
082 ## - DEWEY DECIMAL CLASSIFICATION NUMBER
Item number 43016
Classification number 915.479
100 ## - MAIN ENTRY--PERSONAL NAME
Personal name घाणेकर प्र के
245 ## - TITLE STATEMENT
Title आडवाटेचा महाराष्ट्र (क.क्र.14/4)
260 ## - PUBLICATION, DISTRIBUTION, ETC. (IMPRINT)
Name of publisher, distributor, etc स्नेहल प्रकाशन
Date of publication, distribution, etc 1989
300 ## - PHYSICAL DESCRIPTION
Extent 219
630 ## - SUBJECT ADDED ENTRY--UNIFORM TITLE
Uniform title आडवाटेचा महाराष्ट्र (क.क्र.14/4)
730 ## - ADDED ENTRY--UNIFORM TITLE
Uniform title आडवाटेचा महाराष्ट्र (क.क्र.14/4)
942 ## - ADDED ENTRY ELEMENTS (KOHA)
Koha item type Book
Holdings
Withdrawn status Lost status Damaged status Not for loan Home library Current library Date acquired Cost, normal purchase price Total Checkouts Full call number Barcode Date last seen Cost, replacement price Price effective from Koha item type Public note
        S.V. Pathak Library, Vile Parle S.V. Pathak Library, Vile Parle 07/27/1989 90.00   43016 SVPPARLE-43016 01/25/2010 90.00 01/25/2010 Book General NA